000 01377 a2200277 4500
003 OSt
005 20210915100600.0
008 130912s2013 enkad fr|||| 001 0 eng d
020 _a9780857932174
040 _aCO-BoUCM
_bspa
_cCO-JMCR
041 0 _aeng
082 0 4 _a338.47 /
_bJ353e
_223
100 1 _aJansson, Jan Owen,
_eautor
_945024
245 1 4 _aThe economics of services microfoundations, development and policy /
_cJan Owen Jansson
250 _aSecond Edition
260 _aCheltenham, UK :
_bEdward Elgar,
_c2013.
300 _ax, 328 pages :
_bIllustrations and graphics in black and white ;
_c24 cm.
504 _aBibliography: pages 306-324, and index.
505 0 _aThe service economy in perspective. -- Microeconomic fundations. -- Urbanisation and service sector development. -- Public policy towards services.
520 0 _a'This is a well-written, provocative book, featuring much new material, original data analyses and interesting insights. Despite the proliferation of books on various aspects of services, there is nothing quite like it around. In particular, examination of the challenges that the growth of services presents to conventional economics is very valuable.'
650 1 4 _aEconomy
_945066
650 2 4 _aService industry
_917422
650 2 4 _aIndustrial policy
_921989
690 _aMicroeconoma̕
_939555
942 _cBK
_2ddc
999 _c12451
_d12451